महाभारत पुनः पाठ / (Record no. 62834)

MARC details
000 -LEADER
fixed length control field 00791nam a22001817a 4500
005 - DATE AND TIME OF LATEST TRANSACTION
control field 20120215114643.0
020 ## - INTERNATIONAL STANDARD BOOK NUMBER
Terms of availability 220.00
International Standard Book Number 8190248235
035 ## - SYSTEM CONTROL NUMBER
System control number B-200866
037 ## - SOURCE OF ACQUISITION
Source of stock number/acquisition
Stock number dpl
082 ## - DEWEY DECIMAL CLASSIFICATION NUMBER
Classification number 230.1
100 ## - MAIN ENTRY--PERSONAL NAME
Personal name बाली, सूर्यकान्त
245 1# - TITLE STATEMENT
Title महाभारत पुनः पाठ /
Statement of responsibility, etc सूर्यकान्त बाली
260 ## - PUBLICATION, DISTRIBUTION, ETC. (IMPRINT)
Place of publication, distribution, etc दिल्ली
Name of publisher, distributor, etc धारिका पब्लिकेशन्स
Date of publication, distribution, etc 2006
270 ## - ADDRESS
Address
City
Postal code
Telephone number
300 ## - PHYSICAL DESCRIPTION
Extent 152पृ.
Dimensions 22सेमी (सजिल्द)
942 ## - ADDED ENTRY ELEMENTS (KOHA)
Institution code [OBSOLETE] dpl
Item type Hindi Books
Call number prefix
Source of classification or shelving scheme Dewey Decimal Classification
Classification part 230.1
Call number suffix बालीसु
Holdings
Withdrawn status Lost status Not for loan Collection code Home library Current library Date acquired Cost, normal purchase price Full call number Barcode Cost, replacement price Koha item type
      Non-fiction Sarojini Nagar Sarojini Nagar 15/02/2012 220.00 230.1 बालीसु B-200866 220.00 Hindi Books

© Delhi Public Library
Hit Counter
free hit counter